header

Materials technologies for the process industries of the future (Record no. 43540)

MARC details
000 -LEADER
fixed length control field 01815nam a2200361Ia 4500
082 04 - DEWEY DECIMAL CLASSIFICATION NUMBER
Classification number 620.110973
245 00 - TITLE STATEMENT
Title Materials technologies for the process industries of the future
260 ## - PUBLICATION, DISTRIBUTION, ETC. (IMPRINT)
Place of publication Washington, D.C. :
Name of publisher National Academy Press,
Year of publication c2000.
300 ## - PHYSICAL DESCRIPTION
Number of Pages xii, 73 p.
490 1# - SERIES STATEMENT
Series statement NMAB-496
500 ## - GENERAL NOTE
General note "Committee on Materials Technologies for Process Industries, National Materials Advisory Board, Commission on Engineering and Technical Systems, National Research."
650 #0 - SUBJECT ADDED ENTRY--TOPICAL TERM
Topical Term Materials
Topical Term Materials
Topical Term Manufacturing processes
Topical Term Industrial engineering
Topical Term Strategic planning
856 40 - ELECTRONIC LOCATION AND ACCESS
Uniform Resource Identifier http://site.ebrary.com/lib/rucke/Doc?id=10071444

No items available.

© 2026 Rongo University
Contact us: librarian | system librarian | Rongo university